000 00298nam a2200121Ia 4500
008 241002s9999 xx 000 0 und d
082 _a921.5 ROU
100 _aRoussau, Jean Jacquer
245 4 _aThe Confessions of Jean J, Roussau
260 _aNew York:
_c1960
600 _aHistory
942 _cUC
999 _c18682
_d18682